| 000 | 00594nam a2200169Ia 4500 | ||
|---|---|---|---|
| 008 | 220216s9999 xx 000 0 und d | ||
| 100 | _aVarkey J K | ||
| 245 | 0 | _aSilica filled rubbers-epoxidised natural rubber as a reinforcement modifier in comparison with a silane | |
| 260 | _bInternational Conference and Exhibition on Rubber and Allied Materials Asia Rub Tech Expo 2002. 28-30 November 2002, New Delhi. pp.189-196. | ||
| 650 | _aSilane | ||
| 650 | _aSilica filled rubber | ||
| 700 | _aGeorge M | ||
| 700 | _aJoseph S | ||
| 700 | _aMathew N M | ||
| 700 | _aThomas K T | ||
| 942 | _cJS | ||
| 999 |
_c68697 _d68697 |
||